| 000 | 00541nam a22002057a 4500 | ||
|---|---|---|---|
| 003 | CEME | ||
| 005 | 20251013102309.0 | ||
| 008 | 210119b xxu||||| |||| 00| 0 eng d | ||
| 020 | _a9788126553792 | ||
| 040 | _cNust | ||
| 082 | _a610.28 MED | ||
| 100 |
_aJohn G Webster _9124439 |
||
| 245 |
_aMedical instrumentation _bapplication and design |
||
| 250 | _a3RD | ||
| 260 |
_aDELHI _bJOHN WILEY, _c2017. |
||
| 300 | _a690P | ||
| 610 |
_aMedical instrumentation _9131098 |
||
| 650 |
_aINSTRUMENTATION-MEDICAL _965439 |
||
| 942 |
_cBK _2ddc |
||
| 999 |
_c573647 _d573647 |
||